Statistiques concernant Fairy Tail - Les Guildes

Cliquez ici pour prendre le quiz!

Statistiques générales

  • Ce quiz a été pris 509 fois
  • Le résultat moyen est 10 sur 30

Statistiques - réponses

StatutGuildes% Correct
OfficielleFairy Tail
100%
OfficielleBlue Pegasus
81%
OfficielleSaber Tooth
75%
OfficielleLamia Scale
72%
ClandestineTartaros
65%
ClandestineOracion Seis
62%
ClandestineGrimoire Heart
55%
OfficielleMermaid Heel
55%
DissoutePhantom lord
55%
DissouteRaven Tail
55%
IndépendanteCrime Sorciere
46%
OfficielleQuattro Cerberos
34%
DissouteCait Shelter
32%
OfficielleTwilight Ogre
25%
ClandestineEisenwald
24%
Guildes de marchandsLove & Lucky
24%
DissouteRed Lizard
19%
Guilde de chasseurs de trésorSylph Labyrinth
13%
OfficielleTitan Nose
11%
OfficielleDwarf Gear
8%
OfficielleOrochi's Fin
8%
OfficiellePhoenix Grave
8%
OfficielleGramlush
7%
OfficielleHound Holy
7%
Guildes de mercenairesLoups du Sud
7%
ClandestineNaked Mummy
7%
OfficielleScarmiglione
7%
OfficielleDullahan Head
5%
Guilde de chasseurs de trésorFisherman's prize
4%
OfficielleSkulls
2%

Distribution des résultats

Percentile par nombre de réponses

% des personnes avec chaque résultat

Votre développement - résultats

Vous n’avez pas pris ce quiz